Normal view
MARC view
- Supervisor Dr. Muhammad Abbas
Entry Personal Name
001 - CONTROL NUMBER
- control field: 72592
003 - CONTROL NUMBER IDENTIFIER
- control field: NUST
005 - DATE AND TIME OF LATEST TRANSACTION
- control field: 20210628204835.0
008 - FIXED-LENGTH DATA ELEMENTS
- fixed length control field: 210628|| aca||aabn | a|a d
040 ## - CATALOGING SOURCE
- Original cataloging agency: NUST
- Transcribing agency: NUST
100 ## - HEADING--PERSONAL NAME
- Personal name: Supervisor Dr. Muhammad Abbas
670 ## - SOURCE DATA FOUND
- Source citation: Work cat.: (NUST): Samina Fazilat 72591, TH-SOF-1738-Lexicon Based Extraction of Twitter Sentiments and Comparison of Machine Learning Algorithms for Improved Classification of Polarities, 2020
